Introductory statistics / (Record no. 343037)

000 -LEADER
fixed length control field 01003 a2200277 4500
020 ## - INTERNATIONAL STANDARD BOOK NUMBER
International Standard Book Number 0201532700
020 ## - INTERNATIONAL STANDARD BOOK NUMBER
International Standard Book Number 9780201532708
082 04 - DEWEY DECIMAL CLASSIFICATION NUMBER
Classification number 519.5
090 ## - LOCALLY ASSIGNED LC-TYPE CALL NUMBER (OCLC); LOCAL CALL NUMBER (RLIN)
-- 478
-- 478
100 1# - MAIN ENTRY--PERSONAL NAME
Personal name Weiss, N. A.
245 10 - TITLE STATEMENT
Title Introductory statistics /
Statement of responsibility, etc. N. A. Weiss.
250 ## - EDITION STATEMENT
Edition statement 4th ed.
260 ## - PUBLICATION, DISTRIBUTION, ETC.
Place of publication, distribution, etc. [S.l.] :
Name of publisher, distributor, etc. Addison-Wesley Pub (Sd),
Date of publication, distribution, etc. 1995.
300 ## - PHYSICAL DESCRIPTION
Extent 105 p. ;
Dimensions 24 cm.
500 ## - GENERAL NOTE
General note Hardcover.
520 ## - SUMMARY, ETC.
Summary, etc. Designed to help students grasp basic statistical concepts & techniques, & to present real-life opportunities for applying them. CD-ROM included. DLC: Statistics.
650 #4 - SUBJECT ADDED ENTRY--TOPICAL TERM
Topical term or geographic name entry element Science/Mathematics.
650 #4 - SUBJECT ADDED ENTRY--TOPICAL TERM
Topical term or geographic name entry element Mathematical Statistics.
650 #4 - SUBJECT ADDED ENTRY--TOPICAL TERM
Topical term or geographic name entry element Probability & statistics.
650 #4 - SUBJECT ADDED ENTRY--TOPICAL TERM
Topical term or geographic name entry element Mathematics.
650 #4 - SUBJECT ADDED ENTRY--TOPICAL TERM
Topical term or geographic name entry element Statistics.
700 1# - ADDED ENTRY--PERSONAL NAME
Personal name Weiss, Neil A.
856 40 - ELECTRONIC LOCATION AND ACCESS
Materials specified Amazon.com
Uniform Resource Identifier <a href="http://www.amazon.com/exec/obidos/ASIN/0201532700/chopaconline-20">http://www.amazon.com/exec/obidos/ASIN/0201532700/chopaconline-20</a>
856 40 - ELECTRONIC LOCATION AND ACCESS
Materials specified Amazon customer reviews
Uniform Resource Identifier <a href="http://www.chopac.org/cgi-bin/tools/azrev.pl?q=0201532700">http://www.chopac.org/cgi-bin/tools/azrev.pl?q=0201532700</a>
942 ## - ADDED ENTRY ELEMENTS (KOHA)
Institution code [OBSOLETE] NBS
Koha item type Book
Call number prefix 519.5 WEI
Holdings
Withdrawn status Lost status Damaged status Not for loan Permanent Location Current Location Date acquired Total Checkouts Full call number Barcode Date last seen Date last checked out Price effective from Koha item type Checked out Source of classification or shelving scheme
        Central Library (CL) Central Library (CL) 08/28/2013 1 519.5 WEI NBS2416 11/23/2017 08/30/2017 08/28/2013 Book    
        Central Library (CL) Central Library (CL) 08/28/2013 1 519.5 WEI NBS2413 11/23/2017 08/30/2017 08/28/2013 Book    
        Central Library (CL) Central Library (CL) 08/28/2013   519.5 WEI NBS2417 04/18/2016   08/28/2013 Book    
        Central Library (CL) Central Library (CL) 08/28/2013 2 519.5 WEI NBS2412 04/18/2016 03/24/2014 08/28/2013 Book    
        Central Library (CL) Central Library (CL) 08/28/2013 1 519.5 WEI NBS2410 11/23/2017 08/30/2017 08/28/2013 Book    
        Central Library (CL) Central Library (CL) 08/28/2013   519.5 WEI NBS2414 08/28/2013   08/28/2013 Book    
        Central Library (CL) Central Library (CL) 08/28/2013   519.5 WEI NBS5481 08/28/2013   08/28/2013 Book    
        Central Library (CL) Central Library (CL) 08/28/2013   519.5 WEI NBS2418 04/21/2016   08/28/2013 Book    
        Central Library (CL) Central Library (CL) 08/28/2013 2 519.5 WEI NBS1169 11/23/2017 08/30/2017 08/28/2013 Book    
        Central Library (CL) Central Library (CL) 08/28/2013   519.5 WEI NBS2411 08/28/2013   08/28/2013 Book    
        Central Library (CL) Central Library (CL) 08/28/2013 1 519.5 WEI NBS2415 08/18/2025 08/18/2025 08/28/2013 Book 09/17/2025  
        Central Library (CL) Central Library (CL) 08/28/2013 4 519.5 WEI NBS5480 02/15/2023 08/30/2017 08/28/2013 Book    
        Central Library (CL) Central Library (CL) 08/28/2013 1 519.5 WEI NBS1393 11/23/2017 08/30/2017 08/28/2013 Book    
        Central Library (CL) Central Library (CL) 01/07/2014 2 519.5 WEI NBS3740 11/23/2017 08/30/2017 01/07/2014 Book    
© 2023 Central Library, National University of Sciences and Technology. All Rights Reserved.